| 000 | 01127cam a2200421 4500500 | ||
|---|---|---|---|
| 005 | 20260329004257.0 | ||
| 041 | _afre | ||
| 042 | _adc | ||
| 100 | 1 | 0 |
_aMoreau, Anne-Sophie _eauthor |
| 700 | 1 | 0 |
_aLacroix, Samuel _eauthor |
| 700 | 1 | 0 |
_aLarmagnac-Matheron, Octave _eauthor |
| 700 | 1 | 0 |
_aEltchaninoff, Michel _eauthor |
| 245 | 0 | 0 | _aLieux communs |
| 260 | _c2019. | ||
| 500 | _a42 | ||
| 690 | _aBarbara Cassin | ||
| 690 | _acafé | ||
| 690 | _aCathédrales | ||
| 690 | _aCivilisation | ||
| 690 | _aConcert | ||
| 690 | _aConstantin Sigov | ||
| 690 | _aDiversité | ||
| 690 | _aEsprit | ||
| 690 | _aEurope | ||
| 690 | _aGalanterie | ||
| 690 | _aHommes-Femmes | ||
| 690 | _aIdentité | ||
| 690 | _aJacques Darriulat | ||
| 690 | _aKarol Beffa | ||
| 690 | _aLangue | ||
| 690 | _aMusique | ||
| 690 | _aRobert Pfaller | ||
| 690 | _aSéduction | ||
| 690 | _aTerrasses | ||
| 690 | _aUniversité | ||
| 786 | 0 | _nPhilosophie magazine | 129 | 5 | 2019-05-01 | p. 19-20 | 1951-1787 | |
| 856 | 4 | 1 | _uhttps://shs.cairn.info/magazine-philosophie-magazine-2019-5-page-19?lang=fr&redirect-ssocas=7080 |
| 999 |
_c1832393 _d1832393 |
||